|
|
|
|
| LEADER |
01371nam a22002897a 4500 |
| 001 |
39933 |
| 003 |
BD-DhAAL |
| 008 |
221102t2017 enk 000 0 eng d |
| 999 |
|
|
|c 44917
|d 44917
|
| 020 |
|
|
|a 9781786463784
|
| 040 |
|
|
|a BD-DhAAL
|c BD-DhAAL
|
| 082 |
|
|
|a 005.1
|2 23
|
| 100 |
|
|
|a Turnquist, Greg Lee,
|e author.
|9 52163
|
| 245 |
|
|
|a Learning spring boot 2.0 :
|b simplify the development of lightning fast applications based on microservices and reactive programming /
|c Greg L. Turnquist.
|
| 250 |
|
|
|a Second edition.
|
| 260 |
|
|
|a Birmingham :
|b Packt,
|c 2017.
|
| 300 |
|
|
|a iv, 355 pages :
|b illustrations ;
|c 24 cm.
|
| 500 |
|
|
|a Includes index.
|
| 526 |
|
|
|a CSE
|
| 541 |
|
|
|a Book Finder International
|e 39933, 39934
|
| 650 |
|
|
|a Application software
|x Development.
|9 52164
|
| 650 |
|
|
|a COMPUTERS
|x Software Development & Engineering
|x General.
|9 52165
|
| 650 |
|
|
|a Computer science.
|9 52166
|
| 852 |
|
|
|a Ayesha Abed Library
|c General Stacks
|
| 942 |
|
|
|2 ddc
|c BK
|
| 952 |
|
|
|0 0
|1 0
|2 ddc
|4 0
|6 005_100000000000000_TUR
|7 0
|9 72198
|a BRACUL
|b BRACUL
|c GEN
|d 2022-10-27
|e Book Finder International
|g 4206.03
|l 0
|o 005.1 TUR
|p 3010039934
|r 2022-10-27
|t 2
|v 4206.03
|w 2022-10-27
|y BK
|
| 952 |
|
|
|0 0
|1 0
|2 ddc
|4 0
|6 005_100000000000000_TUR
|7 0
|9 72199
|a BRACUL
|b BRACUL
|c GEN
|d 2022-10-27
|e Book Finder International
|g 4206.03
|l 2
|m 45
|o 005.1 TUR
|p 3010039933
|r 2026-01-14
|s 2025-07-31
|t 1
|v 4206.03
|w 2022-10-27
|y BK
|